=LDR 00000nam 2200000 4500 =001 INLIS000000000005463 =005 20130612093718 =008 ***********************************Ind** =035 ##$$0010-061300000005463 =041 ##$$a Ind =082 ##$$a 101 =090 ##$$a 101, Hak e =100 ##$$a HALIM, A. Ridwan =245 ##$$a 14 bab dan dalil dasar filsafat praktis, A. Ridwan Halim =260 ##$$a 1983 $b Jakarta =300 ##$$a 94 hlm, 20 cm =650 ##$$a Filsafat =850 ##$$a NBPNMAT =990 ##$$a 0001/BPAP-NTB/2015